[Event "NRW-ch op Seniors 14th"]
[Site "Beverungen"]
[Date "2003.06.19"]
[Round "6.23"]
[White "Weddeling, Franz"]
[Black "Rodler, Ulrich"]
[Result "1-0"]
[WhiteElo "1471"]
[BlackElo "1322"]
[PlyCount "83"]
[EventDate "2003.06.14"]
[EventType "swiss"]
[EventRounds "9"]
[EventCountry "GER"]
[SourceTitle "EXT 2004"]
[Source "ChessBase"]
[SourceDate "2003.11.25"]
[SourceVersion "1"]
[SourceVersionDate "2003.11.25"]
[SourceQuality "1"]

1. e4 e6 2. d4 d5 3. e5 c5 4. c3 cxd4 5. cxd4 Bb4+ 6. Nc3 Nc6 7. Nf3 Nge7 8. Bd3 0-0 9. 0-0 Ng6 10. a3 Ba5 11. Be3 a6 12. Rc1 b5 13. b4 Bb6 14. Nxb5 axb5 15. Rxc6 Rxa3 16. Bxb5 Ra8 17. Qd2 Ba6 18. Bxa6 Rxa6 19. b5 Ra8 20. Qb2 Qb8 21. Bd2 Ne7 22. Rc2 Nf5 23. Bc3 Rc8 24. g4 Ne7 25. Bb4 Rxc2 26. Qxc2 Qe8 27. Qd3 Nc8 28. Rb1 Qd8 29. Kg2 Rb8 30. Kg3 Qd7 31. Bc5 Bd8 32. h4 Nb6 33. Bxb6 Rxb6 34. Ne1 Qe7 35. g5 h6 36. f4 Rb8 37. Nf3 Qf8 38. f5 hxg5 39. hxg5 exf5 40. Qxf5 g6 41. Qh3 Qe7 42. Rh1 1-0

[Event "NRW-ch op Seniors 14th"]
[Site "Beverungen"]
[Date "2003.06.17"]
[Round "4.19"]
[White "Rodler, Ulrich"]
[Black "Bornemann, Anton"]
[Result "0-1"]
[WhiteElo "1322"]
[BlackElo "1650"]
[PlyCount "48"]
[EventDate "2003.06.14"]
[EventType "swiss"]
[EventRounds "9"]
[EventCountry "GER"]
[SourceTitle "EXT 2004"]
[Source "ChessBase"]
[SourceDate "2003.11.25"]
[SourceVersion "1"]
[SourceVersionDate "2003.11.25"]
[SourceQuality "1"]

1. c4 f5 2. Nc3 Nf6 3. e3 e5 4. d4 e4 5. b3 Be7 6. Nge2 0-0 7. h3 d5 8. cxd5 Nxd5 9. Nxd5 Qxd5 10. Nf4 Qd6 11. Bc4+ Kh8 12. 0-0 Nc6 13. Bd2 Bd7 14. d5 Ne5 15. Bc3 Bf6 16. Nh5 Nf3+ 17. gxf3 Bxc3 18. Nf4 Bxa1 19. Qxa1 exf3 20. Nh5 Qg6+ 21. Ng3 f4 22. exf4 Bxh3 23. Re1 Rxf4 24. Re6 Bxe6 0-1